| 000 | 00800nam a2200217 u 4500 | ||
|---|---|---|---|
| 001 | 000002641 | ||
| 005 | 20200929150227.0 | ||
| 008 | 090703s1998 dr d 000 0 spa d | ||
| 040 |
_aDO-SdBNP _bspa _cBNPHU |
||
| 082 |
_a333.7932 _bC957i |
||
| 100 | 1 |
_aCruz Diloné, Angel A. _98331 |
|
| 245 | 1 | 3 |
_aLa industria eléctrica dominicana / _cAngel A. Cruz Diloné. |
| 260 |
_aSanto Domingo : _bAlfa & Omega, _c1998. |
||
| 300 |
_a139p. : _bil., diagr. ; _c21 cm. |
||
| 500 | _aIncluye datos biográficos del autor en la contracubierta | ||
| 590 | _aInventariado, 2018/LP | ||
| 650 | 4 |
_aEnergía eléctrica _zRepública Dominicana _98321 |
|
| 650 | 4 |
_aEmpresas eléctricas _zRepública Dominicana _97935 |
|
| 650 | 4 |
_aDistribución de energía eléctrica _98332 |
|
| 910 | _aValidado. Control de validad MFF | ||
| 999 |
_c2477 _d2477 |
||